|
|
|
|
| LEADER |
00000nam0a2200000 4500 |
| 001 |
47938 |
| 005 |
20231031030742.0 |
| 035 |
|
|
|a (RuTPU)RU\TPU\book\50128
|
| 090 |
|
|
|a 47938
|
| 100 |
|
|
|a 20030227d1975 m y0rusy50 ca
|
| 101 |
0 |
|
|a rus
|
| 102 |
|
|
|a RU
|
| 105 |
|
|
|a a j 001zy
|
| 200 |
1 |
|
|a Конструирование аппаратуры автоматики и телемеханики
|e учебное пособие
|f Н. А. Митрейкин, А. И. Озерский
|
| 210 |
|
|
|a Москва
|c Машиностроение
|d 1975
|
| 215 |
|
|
|a 272 с.
|c ил.
|
| 320 |
|
|
|a Библиогр.: с. 269
|
| 610 |
1 |
|
|a автоматические устройства
|
| 610 |
1 |
|
|a конструирование
|
| 610 |
1 |
|
|a учебные пособия
|
| 610 |
1 |
|
|a аппаратура
|
| 610 |
1 |
|
|a автоматика
|
| 610 |
1 |
|
|a телемеханика
|
| 610 |
1 |
|
|a АТ
|
| 610 |
1 |
|
|a конструкторская документация
|
| 610 |
1 |
|
|a конструктивные элементы
|
| 610 |
1 |
|
|a микроминиатюризация
|
| 610 |
1 |
|
|a аппаратура
|
| 675 |
|
|
|a 62-52(075.8)
|v 3
|
| 675 |
|
|
|a 621.398.4(075.8)
|v 3
|
| 700 |
|
1 |
|a Митрейкин
|b Н. А.
|g Николай Александрович
|
| 701 |
|
1 |
|a Озерский
|b А. И.
|g Аркадий Иванович
|
| 801 |
|
1 |
|a RU
|b 63413507
|c 20030227
|g PSBO
|
| 801 |
|
2 |
|a RU
|b 63413507
|c 20161128
|g PSBO
|
| 942 |
|
|
|c BK
|